| 000 | 01197nam a22003375a 4500 | ||
|---|---|---|---|
| 003 | EG-ScBUE | ||
| 005 | 20220919103948.0 | ||
| 008 | 180320t1998 mx o f b 000 0 eng d | ||
| 020 | _a96865250333 | ||
| 040 |
_aEG-ScBUE _beng _erda _cEG-ScBUE _dEG-ScBUE |
||
| 043 | _an-mx--- | ||
| 082 | 0 | 4 |
_a709.72 _bSOL _222 |
| 100 | 1 |
_aSolís Olguín, Felipe R., _4author. |
|
| 245 | 1 | 0 |
_aOne hundred masterpieces of Mexican art : _bthe pre-hispanic era / _cFelipe Solis ; foreword Maria Teresa Franco ; photography Javier Hinoiosa. |
| 250 | _aFirst edition. | ||
| 264 | 1 |
_aMexico City : _bAeromexico, _c[1998] |
|
| 264 | 4 | _cc1998 | |
| 300 |
_a174 pages : _bphotographs ; _c28 cm |
||
| 336 |
_2rdacontent _atext _btxt |
||
| 337 |
_2rdamedia _aunmediated _bn |
||
| 338 |
_2rdacarrier _avolume _bnc |
||
| 504 | _aIncludes bibliographical references. | ||
| 650 | 7 |
_aIndian art _zMexico. _2BUEsh |
|
| 651 | 7 |
_aMexico _xAntiquities. _2BUEsh |
|
| 653 |
_bCOMAME _bGGEN _cMarch2018 |
||
| 655 |
_vReading book _934232 |
||
| 700 | 1 |
_aFranco, Maria Teresa, _eauthor of introduction, etc. |
|
| 700 | 1 |
_aHinoiosa, Javier, _ephotographer. |
|
| 942 |
_2ddc _cBB |
||
| 999 |
_c26363 _d26335 |
||